The Art of fresh & dried flower arranging

Bibliographic Details
Main Author: LAWRENCE, Mary
Format: Book
Published: Wigston : Magma Books , 1993

MARC

LEADER 00000cam a2200000 7i4500
001 0000002694
002 000002922
005 20000330.0
020 |a 1854224425 
090 0 0 |a 745.92   |b LAW 
100 1 |a LAWRENCE, Mary 
245 1 4 |a The Art of fresh & dried flower arranging   |c Mary Lawrence 
260 |a Wigston :   |b Magma Books ,   |c 1993 
300 |a 160p. ;   |c 31cm. 
999 |a 036166   |b BUKU   |c PINJAMAN   |e PERPUSTAKAAN KOMUNITI PETALING JAYA